02689nam a22002537a 45000010005000000030006000050050017000110080041000280200018000690400029000870500009001160820008001251000014001332450156001472600036003033000048003395050007003875201391003945200554017855210027023395210018023666500016023846500035024008224FISKH20250903155306.0250903b cb ||||| |||| 00| 0 eng d a9789996353529 aFISKHbengcFISKHdFISKH aPZ7  a510 aLy, Chea  aគណិតវិទ្យា ថ្នាក់មូលដ្ខានសម្រាប់កុមាររៀនដោយខ្លួនឯង /  aPhnom Penh : bYou Can, c2010. a82 pages : bcolor illustrations ; c26 cm  aF  aសៀវភៅនេះត្រូវបានរៀបរៀងឡើងសម្រាប់កុមារដើម្បីបង្រៀនគោលការណ៍គណិតវិទ្យាមូលដ្ឋាន តាមរយៈរូបភាពនិងតួអង្គតុក្កតាដែលធ្វើឲ្យកុមារមានចំណង់ចំណូលចិត្តក្នុងការសិក្សា។ ក្នុងសៀវភៅមានមេរៀនសំខាន់ៗដូចជា៖ ការគណនាឡើងវិញ និងដកលេខ ការរៀនអំពីលេខគោល និងសញ្ញាគណិត ការសិក្សាអំពីរូបធរណីមាត្រ ការរៀនអានម៉ោង តាមរយៈនាឡិកា ការអនុវត្តគណនាដោយប្រើល្បិច និងលំហាត់អនុវត្ត សៀវភៅត្រូវបានរចនាឡើងឲ្យមានភាពទាក់ទាញ ដោយភ្ជាប់រូបភាពសត្វនិងតួអង្គកំប្លែង ដើម្បីជួយឲ្យកុមារសប្បាយចិត្ត និងងាយស្រួលយល់ចំពោះមេរៀនគណិតវិទ្យា។ aThis book is designed for children to teach basic mathematics principles through pictures and cartoon characters, making learning more enjoyable and engaging. Inside, the book includes key lessons such as: Addition and subtraction Learning about numbers and mathematical symbols Studying geometric shapes Learning to tell time using a clock Practicing calculations with tricks and exercises The book is attractively designed with animal illustrations and funny characters to help children feel happy and better understand mathematical lessons.8 a300 bLexile estimate 8 aF bRaz-Plus  aMathematic  aគណិតវិទ្យា